| 000 | 00443nam a2200181Ia 4500 | ||
|---|---|---|---|
| 008 | 221030s9999 xx 000 0 und d | ||
| 020 | _a8181472063 | ||
| 041 | _aEnglish | ||
| 082 |
_a105.23 _bPet |
||
| 100 | _aL. L. Peterson | ||
| 245 | 0 |
_aComputer Networks _cby L. L. Peterson, B. S. Davie |
|
| 250 | _a3rd | ||
| 260 |
_bElsevier Pub _aNew Delhi _c2004 |
||
| 300 | _a813 | ||
| 650 | _aBE Computer | ||
| 700 | _aB. S. Davie | ||
| 942 | _cBK | ||
| 999 |
_c1702 _d1702 |
||